Crisis y externalizacin̤ en el sector pb︢lico ¿Solucin̤ o problema?

Bibliographic Details
Main Author: Ortega ℓlvarez, Luis
Format: eBook
Language:Spanish
Published: Madrid : Instituto Nacional de Administracin̤ Pb︢lica (INAP), 2011
Subjects:
Online Access:http://www.vlex.com/source/6613

MARC

LEADER 00000nam a22000007a 4500
005 20130215152935.0
007 cr|||| ||||
008 130215e2011 sp |||||s|||| 00| 0 spa d
020 |a 8473514157 
035 |a 6613 
040 |a vLex 
090 |c 3667  |d 3667 
100 1 0 |a Ortega ℓlvarez, Luis 
245 1 0 |a Crisis y externalizacin̤ en el sector pb︢lico  |b ¿Solucin̤ o problema?  |h [Recurso electrn̤ico]  
256 |a Servicio en ln̕ea 
260 |a Madrid :  |b Instituto Nacional de Administracin̤ Pb︢lica (INAP),  |c 2011 
300 |a 1 Recurso electrn̤ico 
650 0 4 |a Derecho administrativo  |z Espaą 
650 0 4 |a Externalizacin̤  |z Espaą 
650 0 4 |a Contratacin̤ administrativa  |z Espaą 
740 |a vLex Libros (Servicio en ln̕ea) 
856 |a Acceso rstrinfgido  |u http://www.vlex.com/source/6613 
942 |c BOOK 
999 0 |a Administrative law